|
|
|
|
| LEADER |
00000cam a22000004a 4500 |
| 001 |
musev2_5587 |
| 003 |
MdBmJHUP |
| 005 |
20230905040649.0 |
| 006 |
m o d |
| 007 |
cr||||||||nn|n |
| 008 |
080825s2008 cc o 00 0 eng d |
| 010 |
|
|
|z 2008438017
|
| 020 |
|
|
|a 9789888052202
|
| 020 |
|
|
|z 9789622099128
|
| 035 |
|
|
|a (OCoLC)650821510
|
| 040 |
|
|
|a MdBmJHUP
|c MdBmJHUP
|
| 050 |
0 |
4 |
|a P302.15.C4
|b D57 2008
|
| 245 |
0 |
0 |
|a Discourses of Cultural China in the Globalizing Age /
|c edited by Doreen D. Wu.
|
| 264 |
|
1 |
|a London :
|b Eurospan [distributor],
|c 2008.
|
| 264 |
|
3 |
|a Baltimore, Md. :
|b Project MUSE,
|c 2012
|
| 264 |
|
4 |
|c ©2008.
|
| 300 |
|
|
|a 1 online resource (272 pages).
|
| 336 |
|
|
|a text
|b txt
|2 rdacontent
|
| 337 |
|
|
|a computer
|b c
|2 rdamedia
|
| 338 |
|
|
|a online resource
|b cr
|2 rdacarrier
|
| 500 |
|
|
|a Includes index.
|
| 588 |
|
|
|a Description based on print version record.
|
| 650 |
|
0 |
|a Culture and globalization
|z China.
|
| 650 |
|
0 |
|a Sociolinguistics
|z China.
|
| 650 |
|
0 |
|a Chinese language
|x Discourse analysis.
|
| 655 |
|
7 |
|a Electronic books.
|2 local
|
| 700 |
1 |
|
|a Wu, Dorren D.
|
| 710 |
2 |
|
|a Project Muse.
|e distributor
|
| 830 |
|
0 |
|a Book collections on Project MUSE.
|
| 856 |
4 |
0 |
|z Texto completo
|u https://projectmuse.uam.elogim.com/book/5587/
|
| 945 |
|
|
|a Project MUSE - Custom Collection
|
| 945 |
|
|
|a Project MUSE - Archive Complete Foundation
|
| 945 |
|
|
|a Project MUSE - Archive Language and Linguistics Foundation
|
| 945 |
|
|
|a Project MUSE - Archive Asian and Pacific Studies Foundation
|